El blanco con gafas / (Record no. 144555)

MARC details
000 -LEADER
campo de control de longitud fija 00552nam a2200181 4500
001 - NÚMERO DE CONTROL
campo de control 144555
003 - IDENTIFICADOR DE NÚMERO DE CONTROL
campo de control ES-MaACL
005 - FECHA Y HORA DE LA ÚLTIMA TRANSACCIÓN
campo de control 20250814063232.0
007 - CAMPO FIJO DE DESCRIPCIÓN FÍSICA--INFORMACIÓN GENERAL
campo de control de longitud fija t|
008 - DATOS DE LONGITUD FIJA--INFORMACIÓN GENERAL
campo de control de longitud fija 070214s1952 sp r ||||1| spa d
100 1# - ENTRADA PRINCIPAL--NOMBRE DE PERSONA
Nombre de persona Simenon, Georges,
Fechas asociadas al nombre 1903-1989
9 (RLIN) 106467
245 13 - MENCIÓN DEL TÍTULO
Título El blanco con gafas /
Mención de responsabilidad, etc. Georges Simenon ; traducción de F. Cañameras.
260 ## - PUBLICACIÓN, DISTRIBUCIÓN, ETC.
Lugar de publicación, distribución, etc. Barcelona :
Nombre del editor, distribuidor, etc. Aymá,
Fecha de publicación, distribución, etc. 1952.
300 ## - DESCRIPCIÓN FÍSICA
Extensión 198 p. ;
Dimensiones 19 cm.
700 1# - ENTRADA AGREGADA--NOMBRE PERSONAL
Nombre de persona Canyameres, Ferran,
Fechas asociadas al nombre 1898-1964
9 (RLIN) 34731
852 ## - LOCALIZACIÓN
Ubicación ES-MaACL
Número de control de estantería D-8886
Sublocalización o colección R.33951
Holdings
Estatus retirado Estado de pérdida Estado de daño No para préstamo Biblioteca de origen Biblioteca actual Ubicación en estantería Fecha de adquisición Fuente de adquisición Total de préstamos Signatura topográfica completa Código de barras Visto por última vez Precio de reemplazo Tipo de ítem Koha
        Biblioteca del Ateneo de Madrid Biblioteca del Ateneo de Madrid Sala Valle Inclán 17/01/2008     D-8886 901150492 23/02/2023 23/02/2023 Libro impreso